Quizzes
Events
Quiz Creation
Community
Videos
Private Events
Remove Ads
Sign In
Join for FREE
Feedback
Dark Mode
Quiz Categories
Sports
Geography
Music
Movies
Television
Just For Fun
Miscellaneous
History
Literature
Language
Science
Gaming
Entertainment
Religion
Holiday
For Kids
Quiz Lab
Recent
Popular Today
Quiz Kudos Today
Editor Picks
Curator Picks
Quizzes by...
Day
Popularity
Type
Ratings
Length
Year
Community
Subscriptions
Recent Discussions
Orange Saloon
Badges
Playlists
Quests
Create
Leaderboards
Showdown
Live 5
Trivia Bingo
Activity
Puzzle Library
Sporcle Events
Private Events
Virtual Trivia
Globe League
Become a Host
Pub Owners
SporcleCon
Opinionation
Our Games
Videos
Blog
Mobile Apps
Partnerships
Remove Ads and Go Orange
Feedback
Sports
Athletes
MLB
NBA
NHL
NFL
Soccer
Sports Teams
WWE
NCAA
Football
Premier League
Basketball
Baseball
Hockey
Golf
Tennis
Cricket
Rugby
Auto Racing
Olympics
World Cup
Sports
Athletes
MLB
NBA
NHL
NFL
Soccer
Sports Teams
WWE
NCAA
Football
Premier League
Basketball
Baseball
Hockey
Golf
Tennis
Cricket
Rugby
Auto Racing
Olympics
World Cup
Random Quiz
Search Sporcle
×
Quiz Lab
Quiz Lab
Sports
Baseball
Type in answers that appear in a list
Type in answers that appear in a list
Classic
Best Score? Go Orange.
World Series Winners on Opening Day Stats
Can you name the Opening Day lineups of these eventual World Series winners (1991-2010)?
By
redsoxfan34
14m
192 Questions
257 Plays
257 Plays
257 Plays
Comments
Comments
Give Quiz Kudos
Give Quiz Kudos
-
- Ratings
hide this ad
More Info
Replay
Link that replays current quiz
Next Quiz
Link to next quiz in quiz playlist
You Got
0%
They Got
Avg Score
64%
Avg Friend Score
Upgrade to see
Score Distribution
Jump to the score distribution portion of the page
Score
0/192
Timer
14:00
0
Plays Today
% Correct
Derek Jeter
94.9%
Derek Jeter
94.9%
Derek Jeter
94.9%
Derek Jeter
94.9%
Derek Jeter
94.9%
Charles Johnson
93.4%
Randy Johnson
93.4%
Albert Pujols
93.4%
Bernie Williams
92.6%
Bernie Williams
92.6%
Bernie Williams
92.6%
Bernie Williams
92.6%
Matt Williams
92.6%
Gerald Williams
92.2%
Albert Pujols
91.6%
Chipper Jones
90.7%
Tino Martinez
90.7%
Tino Martinez
90.7%
Tino Martinez
90.7%
Tino Martinez
90.7%
Pedro Martinez
90.7%
Domingo Martinez
90.3%
David Ortiz
89.9%
David Ortiz
89.9%
Manny Ramirez
89.5%
Manny Ramirez
89.5%
Jorge Posada
89.1%
Jorge Posada
89.1%
Ivan Rodriguez
88.7%
Joe Carter
87.5%
Joe Carter
87.5%
Kirby Puckett
87.2%
Luis Gonzalez
86.4%
Alex Gonzalez
86.4%
Chuck Knoblauch
85.6%
Chuck Knoblauch
85.6%
Chuck Knoblauch
85.6%
Chuck Knoblauch
85.6%
Ryan Howard
85.2%
Paul O'Neill
84.8%
Paul O'Neill
84.8%
Paul O'Neill
84.8%
Paul O'Neill
84.8%
Jimmy Rollins
84%
Paul Konerko
83.7%
Jason Varitek
83.3%
Jason Varitek
83.3%
Chase Utley
82.9%
Chris Carpenter
82.6%
Greg Maddux
82.1%
Roger Clemens
81.3%
Johnny Damon
81.3%
Johnny Damon
81.3%
David Eckstein
80.9%
David Eckstein
80.9%
Yadier Molina
80.6%
Edgar Renteria
80.5%
Edgar Renteria
80.5%
Manuel Lee
79.8%
Derrek Lee
79.8%
Gary Sheffield
79.4%
Bengie Molina
79.4%
Yadier Molina
79.4%
Bengie Molina
79.4%
% Correct
Robinson Cano
79%
Jim Edmonds
78.6%
Mark Teixeira
78.2%
Garret Anderson
77.8%
Andy Pettitte
77.4%
Troy Glaus
77.4%
David Justice
77%
Jack Morris
76.7%
Roberto Alomar
76.7%
Jack Morris
76.7%
Roberto Alomar
76.7%
Jack Morris
76.7%
Mike Lowell
76.7%
Mike Lowell
76.7%
Jermaine Dye
74.7%
Chris Carpenter
74.3%
Kent Hrbek
73.9%
Josh Beckett
73.2%
Scott Brosius
72.8%
Scott Brosius
72.8%
Scott Brosius
72.8%
Javy Lopez
72.4%
CC Sabathia
72.4%
Paul Molitor
72%
Tim Salmon
72%
Scott Rolen
72%
Shane Victorino
70.8%
Joe Girardi
70.4%
Joe Girardi
70.4%
Joe Girardi
70.4%
Hideki Matsui
70%
David Cone
69.6%
Kevin Youkilis
69.6%
Jay Bell
69.3%
Derek Bell
68.9%
Dustin Pedroia
68.9%
Jayson Werth
68.5%
Tim Lincecum
68.5%
Devon White
68.1%
Devon White
68.1%
Devon White
68.1%
Fred McGriff
67.7%
Curt Schilling
66.9%
Mark Buehrle
66.5%
Pat Burrell
66.5%
Chili Davis
66.1%
Chili Davis
66.1%
Chili Davis
66.1%
Pablo Sandoval
65.8%
Luis Castillo
65.4%
Luis Castillo
65.4%
John Olerud
65%
A.J. Pierzynski
65%
Carlos Ruiz
65%
J.D. Drew
64.6%
Orlando Hernandez
64.2%
David Freese
63.2%
Matt Holliday
63.2%
Juan Pierre
62.6%
Wade Boggs
61.9%
Kevin Brown
61.9%
Tony Womack
61.9%
Kevin Millar
61.5%
Bill Mueller
61.1%
% Correct
Pat Borders
60.3%
Pat Borders
60.3%
Steve Finley
60.3%
Brett Gardner
59.9%
Darin Erstad
59.1%
Mark Lemke
58.8%
Aubrey Huff
58.8%
Aaron Rowand
58%
Aaron Rowand
58%
Jeff Conine
57.6%
Dan Gladden
57.2%
Mark Grace
57.2%
Dave Winfield
56.8%
Jeff Blauser
56%
Scott Podsednik
56%
Joe Crede
54.1%
Juan Uribe
53.3%
Juan Uribe
53.3%
Greg Gagne
52.5%
Kelly Gruber
51.8%
Lance Berkman
50.3%
Adam Kennedy
50.2%
Marquis Grissom
49.4%
Moises Alou
49%
Pedro Feliz
49%
Bobby Bonilla
47.1%
Brian Harper
44.7%
Mark Bellhorn
44.7%
Julio Lugo
44.7%
Brett Myers
44.4%
Mariano Duncan
44%
Ed Sprague
42.4%
Shane Spencer
42.4%
Damian Miller
42.4%
Tadahito Iguchi
39.3%
Shane Mack
38.9%
Ruben Sierra
38.9%
Chad Curtis
37.7%
Ricky Ledee
37.7%
Ricky Ledee
37.7%
Jarrod Washburn
37.4%
Darrin Jackson
35.8%
Juan Encarnacion
35.4%
Juan Encarnacion
35.4%
Coco Crisp
35%
Danny Bautista
33.9%
Cody Ransom
33.9%
Mike Pagliarulo
32.3%
Pokey Reese
30%
Carl Everett
28.8%
Skip Schumaker
27.7%
Brad Fullmer
27.6%
Ryan Theriot
27.1%
So Taguchi
25.3%
Gabe Kapler
23.7%
Xavier Nady
23.3%
Mike Kelly
22.6%
Colby Rasmus
21.9%
Dick Schofield
15.2%
Aaron Miles
14.8%
Benji Gil
14%
Todd Hollandsworth
12.1%
Mark DeRosa
10.1%
John Bowker
8.6%
Quiz Playlist
Details
Report
Send in Message
Add To Playlist
More Info:
NOTE: The World Series was canceled in 1994 by a players' strike.
Classic:
Type in answers that appear in a list
Quiz Source
Last Updated: Feb 16, 2017
Quiz Scoreboard
CHALLENGE
Sign Up to Join the Scoreboard
Show All
Scores
Hide
Comments
May contain spoilers
Recently Published
Decade Duel: World Leaders
by jenniferyan
History
4m
Alphabetical 'K' Countries by Flag Minefield
by ylime102
Geography
3m
Pick 6: Fruits
by JohnFran
Miscellaneous
15s
More to Explore
Quiz From the Vault
Featured Blog Post
15 Basketball Trivia Facts You Can Be March Mad About
hide this ad
You Might Also Like...
Tags
Baseball Quiz
MLB Quiz
1991
World Series
Today's Top Quizzes in Sports
Browse Sports
hide this ad
Today's Top Quizzes in Baseball
Browse Baseball
Top Contributed Quizzes in Sports
1
Les joueurs à 100 buts en Ligue 1 Uber Eats
2
Pick 6: NFL Teams
3
2022 World Cup Stars
4
MLB 2 truths and a lie: Hall of Fame pitchers
5
Millionaire: NBA Finals Edition
6
Pick 6: Minor League Baseball
7
Criteria MLB: Left Handed Sluggers
8
Click the 1998 NBA Draft
9
Pick 6: Olympics
10
Don't Strike Out: 3000 Strikeouts
Explore More
Trending Topics
Harry Potter
NBA
Disney
Anime
Crossword
Marvel
Kpop
Soccer
Song
Country
The Office
WWE
Puzzle
NFL
Pokémon
hide this ad
More By:
redsoxfan34
Quiz
Plays
Rating
Category
Featured
Created
200 HRs in 1 Ballpark
54,460
4.67
Sports
Mar 24, 2012
All-Time WAR All-Stars
10,564
4.60
Sports
Jul 7, 2013
MLB Combined No-Hitters
6,879
4.11
Sports
Jun 9, 2012
The Office Episodic Trivia (quite difficult)
5,733
3.67
Television
Apr 3, 2011
All-Time MLB Team (by WAR 2.0)
4,491
4.46
Sports
Jul 3, 2013
Go to Creator's Profile
Score Distribution
Quiz Creator Spotlight
redsoxfan34
Follow
Send a Message
Quizzes Created
-
Created Quiz Play Count
-
More By This Creator
Popular Quizzes Today
1
Countries of Asia Without Outlines Minefield
2
Find the US States - No Outlines Minefield
3
Pick 6: Fruits
4
Alphabetical 'K' Countries by Flag Minefield
5
The Countries of the World
6
Find the Countries of Europe - No Outlines Minefield
7
Find the US States
8
US States
More Sports Quizzes
Top 25 Century Makers in Men's ODI Cricket
Quiz Lab
Trending Quizzes
Pick 6: Mountains
Pick 6: Harry Potter
Pick 6: Flags
Pick 6: NFL Teams
Pick 6: Movie Franchises
Recently Updated
NWSL Teams
pecheneg
Women's Final Four Teams by Year
bhenderson79
Presidents Quartet II
eogle
Anything But Clue(do)
eogle
Anything But Oceanian Capitals
eogle
Anything But 7
eogle
Anything But Thing
eogle
Word Ladder: February 29
pecheneg
Song Title Questions
pecheneg
Women's NCAA Tournament #1 Seeds
pecheneg
Trending Topics
Crossword
Harry Potter
NBA
Disney
Anime
Kpop
Marvel
Soccer
WWE
Song
Country
Pokémon
The Office
NFL
Puzzle
Your Account Isn't Verified!
In order to create a playlist on Sporcle, you need to verify the email address you used during registration. Go to your
Sporcle Settings
to finish the process.
Report this User
Report this user for behavior that violates our
Community Guidelines
.
Details:
Send Report
Go to the Sporcle.com Mobile Site →
Comments